[Event "SWE-ch"]
[Site "Malmo"]
[Date "1986.??.??"]
[Round "?"]
[White "Brynell, Stellan"]
[Black "Hector, Jonny"]
[Result "0-1"]
[WhiteElo "2345"]
[BlackElo "2465"]
[PlyCount "50"]
[EventDate "1986.07.??"]
[Source "ChessBase"]

1. e4 e5 2. Nf3 Nc6 3. Bc4 d6 4. c3 Bg4 5. Qb3 Qd7 6. Qxb7 Rb8 7. Qa6 Be7 8. d3
Bxf3 9. gxf3 Bh4 10. Rg1 Nge7 11. Rxg7 Qh3 12. Ke2 Qxh2 13. Be3 Bxf2 14. Bxf2
Rxb2+ 15. Nd2 Rxd2+ 16. Kxd2 Qxf2+ 17. Kc1 Qe1+ 18. Kb2 Qd2+ 19. Kb3 Kd7 20.
Bb5 Rb8 21. Kc4 Rb6 22. Qa4 Qh6 23. d4 exd4 24. Rag1 Qd2 25. Bxc6+ Rxc6+ 0-1

[Event "SWE-ch"]
[Site "Malmo"]
[Date "1986.??.??"]
[Round "?"]
[White "Hector, Jonny"]
[Black "Ornstein, Axel"]
[Result "0-1"]
[WhiteElo "2465"]
[BlackElo "2405"]
[PlyCount "98"]
[EventDate "1986.07.??"]
[Source "ChessBase"]

1. e4 c5 2. Nf3 d6 3. d4 cxd4 4. Nxd4 Nf6 5. Nc3 e6 6. Be3 a6 7. Qd2 b5 8. f3
Bb7 9. g4 b4 10. Nce2 e5 11. Nf5 g6 12. Qxb4 Qc7 13. Bg5 Nbd7 14. Nfg3 d5 15.
Qc3 Qb6 16. O-O-O Rc8 17. Qd3 Nc5 18. Qd2 Na4 19. c3 d4 20. Qc2 Nc5 21. Kb1 d3
22. Rxd3 Nxd3 23. Qxd3 h5 24. gxh5 Nxh5 25. Bh3 Ba3 26. b4 Nxg3 27. hxg3 Kf8
28. Qd1 Rc4 29. Bd8 Rxb4+ 30. cxb4 Qxb4+ 31. Qb3 Bxe4+ 32. Ka1 Qxb3 33. axb3
Bxf3 34. Bf6 Rh5 35. g4 Rh7 36. Re1 Bxe2 37. Rxe2 Rxh3 38. Rxe5 Rxb3 39. Ka2
Rb6 40. Bd8 Rb8 41. Bc7 Rc8 42. Bb6 Be7 43. Be3 Rc6 44. Kb3 Re6 45. Bh6+ Kg8
46. Rd5 f6 47. Bc1 Rd6 48. Ra5 Rb6+ 49. Kc2 Rc6+ 0-1

[Event "SWE-ch"]
[Site "Malmo"]
[Date "1986.??.??"]
[Round "?"]
[White "Hector, Jonny"]
[Black "Schneider, Lars Ake"]
[Result "0-1"]
[WhiteElo "2465"]
[BlackElo "2430"]
[PlyCount "96"]
[EventDate "1986.07.??"]
[Source "ChessBase"]

1. e4 e5 2. Nf3 Nf6 3. Nxe5 d6 4. Nf3 Nxe4 5. Nc3 Nxc3 6. dxc3 Be7 7. Be3 O-O
8. Qd2 Nd7 9. O-O-O c6 10. Nd4 Nf6 11. Bd3 Nd5 12. Kb1 Bf6 13. g4 Re8 14. Bf4
Bxg4 15. Rdg1 Nxf4 16. Qxf4 Bh5 17. Nf5 Bg6 18. h4 Re5 19. Qg4 Bxf5 20. Bxf5
Qa5 21. Bd3 Rae8 22. a3 Qd5 23. Rd1 Qe6 24. Qb4 Qe7 25. h5 h6 26. Qg4 Qe6 27.
Qxe6 R5xe6 28. Bf5 Re2 29. f3 d5 30. Ka2 R8e5 31. Bd3 Rf2 32. Rdf1 Rxf1 33.
Bxf1 Re1 34. Bg2 Re2 35. Bh3 Kf8 36. Bc8 Re7 37. Kb3 Ke8 38. Rd1 Kd8 39. Bg4
Kc7 40. Rh1 Re3 41. Ka2 Kd6 42. Kb1 Ke5 43. Rf1 Kf4 44. Bc8 Re7 45. Kc1 Bh4 46.
Rg1 Bg5 47. Rf1 Rc7 48. Bg4 f5 0-1

[Event "Espergaerde"]
[Site "Espergaerde"]
[Date "1987.??.??"]
[Round "1"]
[White "Rodgaard, John"]
[Black "Hector, Jonny"]
[Result "0-1"]
[WhiteElo "2365"]
[BlackElo "2400"]
[PlyCount "71"]
[EventDate "1987.??.??"]
[Source "ChessBase"]

1. Nf3 d5 2. d4 Nf6 3. c4 c6 4. cxd5 cxd5 5. Nc3 Nc6 6. Bf4 Bf5 7. e3 e6 8. Bd3
Ne4 9. Bxe4 Bxe4 10. Nxe4 dxe4 11. Nd2 Qd5 12. O-O Bb4 13. Nb1 Qf5 14. a3 Ba5
15. b4 Bb6 16. Nc3 O-O 17. f3 exf3 18. Rxf3 Qh5 19. Qe1 f6 20. Rh3 Qf7 21. Ne4
e5 22. Qh4 Qg6 23. Rg3 Qxe4 24. Rxg7+ Kh8 25. dxe5 Bxe3+ 26. Kh1 Bxf4 27. Re1
Qxe1+ 28. Qxe1 Kxg7 29. e6 Be5 30. g3 Rfe8 31. Qe4 Rxe6 32. Qg4+ Kf7 33. Qh5+
Kf8 34. Qxh7 Rd8 35. Qxb7 Ne7 36. Kg2 0-1

[Event "Espergaerde"]
[Site "Espergaerde"]
[Date "1987.??.??"]
[Round "7"]
[White "Ksieski, Zbigniew"]
[Black "Hector, Jonny"]
[Result "0-1"]
[WhiteElo "2370"]
[BlackElo "2400"]
[PlyCount "110"]
[EventDate "1987.??.??"]
[Source "ChessBase"]

1. d4 Nf6 2. c4 c5 3. d5 e6 4. g3 exd5 5. cxd5 Bd6 6. Bg2 O-O 7. Nf3 Bc7 8. d6
Ba5+ 9. Nc3 Ne4 10. O-O Nxc3 11. bxc3 Bxc3 12. Bg5 Bf6 13. Qd5 Nc6 14. Qxc5 h6
15. Bxf6 Qxf6 16. Rad1 b6 17. Qd5 Ba6 18. Rfe1 Rac8 19. a3 Na5 20. Ne5 Rfd8 21.
Rc1 Rxc1 22. Rxc1 Bb7 23. Ng4 Qg6 24. Ne5 Qf5 25. Qb5 Bxg2 26. Kxg2 Nc6 27. f4
Qe4+ 28. Nf3 Re8 29. e3 Re6 30. Rd1 Qxe3 31. Qd3 Qe2+ 32. Kh3 Qxd3 33. Rxd3 f6
34. Nh4 Kf7 35. Nf5 Re2 36. g4 Re4 37. Kg3 g6 38. Ne3 Rd4 39. Rxd4 Nxd4 40. f5
gxf5 41. gxf5 Ne2+ 42. Kf3 Nc3 43. h4 Nb1 44. Ke4 Nxa3 45. Kd5 Nb5 46. Ng4 h5
47. Nf2 a5 48. Ne4 a4 49. Kc4 a3 50. Kb3 Nd4+ 51. Kxa3 Nxf5 52. Kb4 Ke6 53. Kc3
Ke5 54. Kd3 Nxh4 55. Ng3 Ng6 0-1

[Event "Sevilla op"]
[Site "Sevilla"]
[Date "1987.??.??"]
[Round "?"]
[White "Hector, Jonny"]
[Black "Hodgson, Julian M"]
[Result "0-1"]
[WhiteElo "2420"]
[BlackElo "2520"]
[PlyCount "44"]
[EventDate "1987.??.??"]
[Source "ChessBase"]

1. e4 c6 2. d4 d5 3. Nd2 dxe4 4. Nxe4 Nf6 5. Nxf6+ exf6 6. Bc4 Qe7+ 7. Qe2 Be6
8. Bxe6 Qxe6 9. Bf4 Na6 10. O-O-O O-O-O 11. a3 Qa2 12. c3 Nc7 13. Qg4+ Ne6 14.
Ne2 Rd5 15. b4 g5 16. Be3 h5 17. Qf3 f5 18. Bd2 Qxa3+ 19. Kc2 Qa2+ 20. Kd3 g4
21. Qe3 c5 22. h3 c4# 0-1

[Event "Gausdal zt"]
[Site "Gausdal"]
[Date "1987.??.??"]
[Round "?"]
[White "Hector, Jonny"]
[Black "Hjartarson, Johann"]
[Result "0-1"]
[WhiteElo "2420"]
[BlackElo "2555"]
[PlyCount "76"]
[EventDate "1987.01.??"]
[Source "ChessBase"]

1. e4 c5 2. f4 Nc6 3. Nf3 e6 4. Nc3 d6 5. Bb5 Nge7 6. O-O a6 7. Be2 Nd4 8. Nxd4
cxd4 9. Nb1 g6 10. c4 Bg7 11. d3 O-O 12. b4 b5 13. cxb5 axb5 14. Bb2 e5 15.
fxe5 dxe5 16. Nd2 Be6 17. a3 Nc8 18. Bg4 Bxg4 19. Qxg4 Nb6 20. Nb3 Na4 21. Qe2
Qe7 22. Rfc1 Bh6 23. Rc2 Be3+ 24. Kh1 f5 25. Bc1 Bxc1 26. Rcxc1 Nc3 27. Qc2
fxe4 28. dxe4 Rf4 29. Nc5 Qf7 30. Qd3 Rf2 31. Re1 Rf8 32. h3 Qe7 33. Qg3 Ne2
34. Qb3+ Kh8 35. Qe6 Qg5 36. Rg1 Nxg1 37. Rxg1 Rxg2 38. Rxg2 Rf1+ 0-1

[Event "Kecskemet op"]
[Site "Kecskemet"]
[Date "1987.??.??"]
[Round "?"]
[White "Hector, Jonny"]
[Black "Watson, William N"]
[Result "0-1"]
[WhiteElo "2420"]
[BlackElo "2500"]
[PlyCount "44"]
[EventDate "1987.06.??"]
[Source "ChessBase"]

1. e4 c6 2. d4 d5 3. Nd2 dxe4 4. Nxe4 Nd7 5. Bd3 Ngf6 6. Ng5 g6 7. N1f3 Bg7 8.
Qe2 O-O 9. h4 h5 10. Bd2 Nb6 11. Ne5 Qxd4 12. c3 Qd5 13. O-O-O Qxa2 14. Be1 Bf5
15. Bxf5 gxf5 16. Nd3 Rad8 17. Qxe7 Nc4 18. Rh3 Nd5 19. Qe2 Nb4 20. cxb4 Rxd3
21. Rdxd3 Qa1+ 22. Kc2 Qxb2+ 0-1

[Event "Kecskemet op"]
[Site "Kecskemet"]
[Date "1987.??.??"]
[Round "?"]
[White "Werner, Marc"]
[Black "Hector, Jonny"]
[Result "0-1"]
[WhiteElo "2310"]
[BlackElo "2420"]
[PlyCount "46"]
[EventDate "1987.06.??"]
[Source "ChessBase"]

1. e4 e5 2. Nf3 Nc6 3. Bb5 Nd4 4. Nxd4 exd4 5. O-O Bc5 6. b4 Bb6 7. c3 c6 8.
Ba4 Qh4 9. Qf3 Nf6 10. Bc2 O-O 11. Bb2 Re8 12. d3 d5 13. Nd2 Bc7 14. g3 Qh6 15.
Nb3 Bg4 16. Qh1 dxc3 17. Bxc3 dxe4 18. dxe4 Rad8 19. Nc5 Qh5 20. f3 Bb6 21. e5
Bh3 22. Rf2 Nd5 23. g4 Qg5 0-1

[Event "Andorra op"]
[Site "Andorra"]
[Date "1988.??.??"]
[Round "?"]
[White "Hector, Jonny"]
[Black "Werner, Dimo"]
[Result "0-1"]
[WhiteElo "2400"]
[BlackElo "2380"]
[PlyCount "106"]
[EventDate "1988.??.??"]
[Source "ChessBase"]

1. e4 Nf6 2. Nc3 d5 3. e5 Ne4 4. Nce2 d4 5. c3 Nc6 6. Nxd4 Nxd4 7. Qa4+ c6 8.
Qxd4 Qxd4 9. cxd4 Ng5 10. Bc4 Be6 11. d3 b5 12. Bxb5 cxb5 13. Bxg5 Bd5 14. f3
e6 15. Ne2 b4 16. Kd2 h6 17. Bh4 g5 18. Bf2 Be7 19. Ng3 Kd7 20. Ne4 Rhg8 21. g4
h5 22. h3 Rh8 23. Be3 Rac8 24. Nxg5 b3 25. axb3 Bb4+ 26. Ke2 Rc2+ 27. Kf1 hxg4
28. Rxa7+ Kc6 29. Ra1 Rxb2 30. Bc1 Rc2 31. Ne4 Rxh3 32. Rxh3 gxh3 33. Bf4 h2
34. Bxh2 Rxh2 35. Ra7 Rh7 36. f4 Kb6 37. Rd7 Bc6 38. Rd8 Be7 39. Rc8 Rh4 40.
Ke2 Rxf4 41. Ke3 Rh4 42. Rg8 Rh3+ 43. Ke2 Rh2+ 44. Ke3 Ba3 45. Rg1 Bf8 46. Nf2
Bh6+ 47. Ke2 Bd5 48. Rg8 Rg2 49. Rh8 Bf4 50. Kf1 Be3 51. Ne4 Bxe4 52. dxe4 Rg1+
53. Ke2 Bxd4 0-1

[Event "Belfort op"]
[Site "Belfort"]
[Date "1988.??.??"]
[Round "?"]
[White "Mohr, Stefan"]
[Black "Hector, Jonny"]
[Result "0-1"]
[WhiteElo "2400"]
[BlackElo "2400"]
[PlyCount "84"]
[EventDate "1988.??.??"]
[Source "ChessBase"]

1. d4 d5 2. c4 c6 3. Nc3 e5 4. cxd5 cxd5 5. Nf3 e4 6. Ne5 Be7 7. e3 a6 8. Qa4+
Kf8 9. Nxd5 Qxd5 10. Bc4 Qd8 11. Nxf7 b5 12. Nxd8 bxa4 13. Nf7 Nd7 14. Nxh8 Nb6
15. Be2 Nf6 16. Bd2 Kg8 17. Ng6 hxg6 18. O-O Bb7 19. Rfc1 Bd6 20. Ba5 Nfd7 21.
b3 a3 22. b4 Nd5 23. Rab1 Kf7 24. Rb3 Rh8 25. h3 N7f6 26. Rxa3 g5 27. Rb3 Kg6
28. Bxa6 Bxa6 29. Rc6 Bxb4 30. Rxa6 Be7 31. Rc6 Kf7 32. a3 Ra8 33. Bb4 Rb8 34.
Rc4 g4 35. hxg4 Nxg4 36. Rb2 Bd6 37. Rb3 Rb6 38. Kf1 Bg3 39. Rc5 Rf6 40. Rxd5
Rxf2+ 41. Ke1 Rb2+ 42. Kd1 Rxb3 0-1

[Event "Le Touquet op"]
[Site "Le Touquet"]
[Date "1988.??.??"]
[Round "8"]
[White "Flear, Glenn C"]
[Black "Hector, Jonny"]
[Result "0-1"]
[WhiteElo "2460"]
[BlackElo "2400"]
[PlyCount "58"]
[EventDate "1988.??.??"]
[Source "ChessBase"]

1. d4 d5 2. c4 e6 3. Nc3 Nf6 4. cxd5 exd5 5. Bg5 Nbd7 6. e3 Be7 7. Nf3 Nf8 8.
Be2 Ng6 9. O-O c6 10. a3 O-O 11. Bxf6 Bxf6 12. b4 Be6 13. Rc1 Be7 14. Na4 a5
15. Nc5 Bc8 16. Qb3 Bd6 17. b5 b6 18. Na4 cxb5 19. Bxb5 Bg4 20. Be2 Nh4 21.
Qxb6 Qf6 22. Qc6 Rad8 23. Rfe1 Bxf3 24. Bxf3 Nxf3+ 25. gxf3 Qxf3 26. Nc5 Qg4+
27. Kf1 Bxh2 28. Rc2 Rd6 29. Qb7 Qf3 0-1

[Event "Royan op"]
[Site "Royan"]
[Date "1988.??.??"]
[Round "?"]
[White "Gutman, Lev"]
[Black "Hector, Jonny"]
[Result "0-1"]
[WhiteElo "2465"]
[BlackElo "2400"]
[PlyCount "78"]
[EventDate "1988.??.??"]
[Source "ChessBase"]

1. Nf3 d5 2. g3 Nc6 3. d4 Bg4 4. Bg2 Qd7 5. h3 Bxf3 6. exf3 e6 7. c3 Bd6 8. Nd2
g5 9. Nb3 h6 10. Nc5 Bxc5 11. dxc5 Nf6 12. h4 Rg8 13. hxg5 hxg5 14. b4 Qe7 15.
Rh6 O-O-O 16. b5 Ne5 17. Qd4 Nfd7 18. c6 Nc5 19. cxb7+ Kb8 20. Ke2 Nc4 21. Be3
Nxe3 22. fxe3 e5 23. Qb4 f6 24. Rd1 Rge8 25. Kf1 d4 26. cxd4 exd4 27. e4 Qe5
28. Rh5 Nxb7 29. f4 Qe6 30. Bf3 Qxa2 31. Rh7 Qg8 32. Rxc7 Kxc7 33. b6+ axb6 34.
Rc1+ Kb8 35. e5 Rc8 36. Rxc8+ Rxc8 37. Qxb6 Qc4+ 38. Kg2 Qc2+ 39. Kg1 Qc7 0-1

[Event "Naestved op"]
[Site "Naestved"]
[Date "1988.??.??"]
[Round "?"]
[White "Mortensen, Peter Munch"]
[Black "Hector, Jonny"]
[Result "0-1"]
[WhiteElo "2270"]
[BlackElo "2435"]
[PlyCount "42"]
[EventDate "1988.07.??"]
[Source "ChessBase"]

1. d4 d5 2. Nf3 Nf6 3. c4 e6 4. Nc3 Bb4 5. e3 O-O 6. Bd3 c5 7. a3 Ba5 8. O-O
Nc6 9. cxd5 exd5 10. dxc5 Bxc3 11. bxc3 Qa5 12. Qc2 Bg4 13. Rb1 Bxf3 14. gxf3
Qxc5 15. Rxb7 Rae8 16. a4 Ne5 17. Be2 Qc8 18. Rb4 Qh3 19. Ba3 Re6 20. Rfb1 Ne4
21. Rxe4 dxe4 0-1

[Event "Thessaloniki ol (Men)"]
[Site "Thessaloniki"]
[Date "1988.??.??"]
[Round "1"]
[White "Matthews, Shane"]
[Black "Hector, Jonny"]
[Result "0-1"]
[WhiteElo "2260"]
[BlackElo "2435"]
[PlyCount "50"]
[EventDate "1988.11.??"]
[Source "ChessBase"]

1. e4 e5 2. Nf3 Nc6 3. Bb5 Nd4 4. Nxd4 exd4 5. d3 Bc5 6. Qf3 Ne7 7. Bc4 O-O 8.
Bg5 c6 9. Nd2 d5 10. exd5 cxd5 11. Bb3 Be6 12. O-O f6 13. Bf4 Qd7 14. h3 Ng6
15. Rfe1 Bf7 16. Bh2 Bb4 17. Rad1 Rae8 18. Rxe8 Rxe8 19. Nf1 a5 20. c3 dxc3 21.
bxc3 Bxc3 22. d4 Bb4 23. Ne3 Ne7 24. h4 Rc8 25. h5 h6 0-1

[Event "Malmo"]
[Site "Malmo"]
[Date "1988.??.??"]
[Round "?"]
[White "Hector, Jonny"]
[Black "Brynell, Stellan"]
[Result "0-1"]
[WhiteElo "2435"]
[BlackElo "2385"]
[PlyCount "50"]
[EventDate "1988.12.??"]
[Source "ChessBase"]

1. e4 e6 2. d4 d5 3. Nc3 Bb4 4. Qd3 dxe4 5. Qxe4 Nf6 6. Qh4 Qd5 7. Nge2 Qf5 8.
a3 Be7 9. Qg3 O-O 10. Bh6 Nh5 11. Qxc7 Nc6 12. g4 Qf6 13. gxh5 Qxh6 14. Bg2 Bf6
15. Rd1 e5 16. Bxc6 exd4 17. Ne4 bxc6 18. Qxc6 Be6 19. Nxf6+ Qxf6 20. Rxd4 Rac8
21. Qa4 Rfe8 22. Rg1 Bc4 23. Rxc4 Qf3 24. Kd2 Qxe2+ 25. Kc3 Qf3+ 0-1

[Event "Alicante op2"]
[Site "Alicante"]
[Date "1989.??.??"]
[Round "?"]
[White "Franco Ocampos, Zenon"]
[Black "Hector, Jonny"]
[Result "0-1"]
[WhiteElo "2490"]
[BlackElo "2485"]
[PlyCount "122"]
[EventDate "1989.??.??"]
[Source "ChessBase"]

1. d4 d5 2. Nf3 Nf6 3. c4 e6 4. e3 Bb4+ 5. Nbd2 O-O 6. a3 Be7 7. Bd3 c5 8. dxc5
Bxc5 9. O-O a6 10. b4 Ba7 11. Bb2 Nc6 12. Qc2 h6 13. Rad1 Bd7 14. e4 Rc8 15.
Qb3 d4 16. e5 Ng4 17. Rfe1 Bb8 18. Bb1 Ngxe5 19. Nxe5 Nxe5 20. Bxd4 Ba4 21.
Qxa4 Qxd4 22. Qc2 f5 23. c5 Qh4 24. h3 Rcd8 25. Nf1 Kh8 26. Ba2 Rde8 27. Qc3
Qf6 28. Re2 f4 29. f3 Rd8 30. Red2 Rde8 31. Re1 Rd8 32. Bb1 Rd5 33. Qc2 g6 34.
Ba2 Rdd8 35. Red1 Rde8 36. Qe4 Rf7 37. Rd4 Nc6 38. Rd7 Be5 39. Bb1 Kg7 40. a4
Ree7 41. R7d3 a5 42. b5 Nb4 43. Rd8 Rc7 44. Re8 Rcd7 45. Re1 Bd4+ 46. Kh1 e5
47. Qe2 Rf8 48. Rxf8 Qxf8 49. Rc1 Rc7 50. Qe4 Qf6 51. Re1 Bxc5 52. Rc1 b6 53.
Nd2 Rd7 54. Nc4 Bd4 55. Qa8 Rc7 56. Qe8 h5 57. Be4 Be3 58. Rc3 Bd2 59. Nxe5
Bxc3 60. Nxg6 Kh6 61. Nh4 Bd4 0-1

[Event "Cannes op"]
[Site "Cannes"]
[Date "1989.??.??"]
[Round "?"]
[White "Andrijevic, Milan"]
[Black "Hector, Jonny"]
[Result "0-1"]
[WhiteElo "2410"]
[BlackElo "2485"]
[PlyCount "74"]
[EventDate "1989.02.??"]
[Source "ChessBase"]

1. e4 e5 2. Nf3 Nc6 3. Bb5 Bb4 4. O-O Nge7 5. c3 Ba5 6. Bxc6 Nxc6 7. b4 Bb6 8.
b5 Na5 9. Nxe5 O-O 10. d4 Qe8 11. Qd3 f5 12. Re1 d6 13. Nf3 fxe4 14. Rxe4 Qg6
15. Nh4 Qh5 16. Qe2 Qxe2 17. Rxe2 Bg4 18. f3 Bd7 19. Na3 c6 20. bxc6 Nxc6 21.
Rb1 Bd8 22. g3 Bxh4 23. gxh4 Rxf3 24. Re3 Raf8 25. Rxf3 Rxf3 26. Bd2 Bh3 27.
Nc4 Ne7 28. Nxd6 Ng6 29. Re1 h6 30. Be3 Nxh4 31. Bf2 Ng2 32. Re8+ Kh7 33. Ne4
Nf4 34. Nd2 Rxc3 35. Re1 Rc2 36. Bg3 Nd3 37. Rd1 Nb2 0-1

[Event "Cannes op"]
[Site "Cannes"]
[Date "1989.??.??"]
[Round "?"]
[White "Hector, Jonny"]
[Black "Ivkov, Borislav"]
[Result "0-1"]
[WhiteElo "2485"]
[BlackElo "2460"]
[PlyCount "98"]
[EventDate "1989.02.??"]
[Source "ChessBase"]

1. e4 e5 2. Nc3 Nf6 3. f4 d5 4. fxe5 Nxe4 5. Nf3 Be7 6. Qe2 Nxc3 7. dxc3 c5 8.
Bf4 Nc6 9. O-O-O Be6 10. c4 d4 11. Nd2 Qa5 12. a3 O-O-O 13. Ne4 Qa4 14. Bg5
Bxg5+ 15. Nxg5 d3 16. Rxd3 Nd4 17. Qf2 Qxc4 18. b3 Qd5 19. Nf3 Bf5 20. Rc3 Kb8
21. Bc4 Qe4 22. Re1 Qf4+ 23. Kb2 Bg6 24. Qh4 Qxh4 25. Nxh4 Rd7 26. Nxg6 hxg6
27. Rf1 Rxh2 28. Bxf7 Rxg2 29. Rxc5 Rc7 30. Rxc7 Kxc7 31. Rf4 Rxc2+ 32. Kb1 Rd2
33. Bd5 Rd1+ 34. Kb2 Rd2+ 35. Kc3 Ne2+ 36. Kxd2 Nxf4 37. Bf7 g5 38. Ke3 Kd7 39.
Bc4 Ng6 40. Ke4 g4 41. Bd5 b6 42. Bb7 g3 43. Kf3 Ke6 44. Kxg3 Kxe5 45. b4 Kd4
46. Kg4 Ne5+ 47. Kg5 Nc4 48. a4 Kc3 49. a5 b5 0-1

[Event "Cannes op"]
[Site "Cannes"]
[Date "1989.??.??"]
[Round "?"]
[White "San Marco, Bruno"]
[Black "Hector, Jonny"]
[Result "0-1"]
[WhiteElo "2330"]
[BlackElo "2485"]
[PlyCount "88"]
[EventDate "1989.02.??"]
[Source "ChessBase"]

1. d4 d5 2. c4 e6 3. Nf3 Nf6 4. g3 Bb4+ 5. Bd2 Be7 6. Bg2 c6 7. Qc2 O-O 8. O-O
Ne4 9. Ne5 Nd6 10. cxd5 exd5 11. Nc3 f6 12. Nd3 Bf5 13. Rad1 Na6 14. Qb3 Bxd3
15. exd3 Qb6 16. Qxb6 axb6 17. Rfe1 Rfe8 18. Bh3 Bf8 19. a3 Nc7 20. Rxe8 Ndxe8
21. a4 Kf7 22. b3 Bb4 23. Ne2 Bxd2 24. Rxd2 Nd6 25. Kf1 b5 26. Ra2 Na6 27. axb5
Nxb5 28. Ra4 Re8 29. Bd7 Ra8 30. Bh3 Ke7 31. Ke1 Kd6 32. Kd2 Re8 33. Bg4 g6 34.
Ng1 Nac7 35. h4 h6 36. Ne2 f5 37. Bf3 g5 38. Bh5 Rg8 39. hxg5 hxg5 40. f3 Rh8
41. g4 f4 42. Nc3 Nxc3 43. Kxc3 Ra8 44. Kd2 Ra6 0-1

[Event "Spring op"]
[Site "Budapest"]
[Date "1989.??.??"]
[Round "?"]
[White "Schoen, Wolfram"]
[Black "Hector, Jonny"]
[Result "0-1"]
[WhiteElo "2405"]
[BlackElo "2485"]
[PlyCount "74"]
[EventDate "1989.03.??"]
[Source "ChessBase"]

1. d4 d5 2. c4 c6 3. Nf3 Nf6 4. Nc3 dxc4 5. e4 b5 6. e5 Nd5 7. a4 e6 8. axb5
Nxc3 9. bxc3 cxb5 10. Ng5 Bb7 11. Qg4 Bd5 12. Be2 Nc6 13. Bd1 b4 14. Ba4 Qc7
15. O-O b3 16. Ne4 h5 17. Qe2 Be7 18. f4 g6 19. Ba3 Kf8 20. Bb5 Qb6 21. Bxe7+
Kxe7 22. Nd6 Nxd4 23. cxd4 Qxd4+ 24. Kh1 c3 25. Rad1 Qc5 26. Ne4 Bxe4 27. Rd7+
Kf8 28. Qxe4 Qxb5 29. Qxa8+ Kg7 30. Rxf7+ Kxf7 31. Qxa7+ Kg8 32. Rd1 Qe8 33.
Rd7 b2 34. Rg7+ Kf8 35. Rb7 Rh7 36. Qc5+ Kg8 37. Rb4 Rd7 0-1

[Event "Val Maubuee"]
[Site "Val Maubuee"]
[Date "1989.??.??"]
[Round "4"]
[White "Apicella, Manuel"]
[Black "Hector, Jonny"]
[Result "0-1"]
[WhiteElo "2400"]
[BlackElo "2485"]
[PlyCount "118"]
[EventDate "1989.04.??"]
[Source "ChessBase"]

1. e4 e5 2. Nf3 Nc6 3. Bb5 Nd4 4. Nxd4 exd4 5. O-O Bc5 6. d3 c6 7. Ba4 Ne7 8.
Bg5 O-O 9. Nd2 f6 10. Bh4 d5 11. Bb3 Be6 12. Qe2 Qd7 13. Rae1 Ng6 14. Bg3 Rae8
15. f4 f5 16. e5 b5 17. Nf3 h6 18. Qd2 Bb6 19. a4 a6 20. a5 Ba7 21. Bf2 c5 22.
g3 Qc7 23. Ra1 Ne7 24. c3 dxc3 25. Qxc3 Rc8 26. Rfc1 Qd7 27. d4 b4 28. Qd2 c4
29. Ba4 Qb7 30. Ne1 b3 31. Nf3 Rb8 32. Qe3 Qc8 33. Be1 Bf7 34. Bc3 Qe6 35. Rf1
Bh5 36. Rad1 Rb7 37. Rd2 Kh8 38. h3 Rg8 39. Rg2 Nc8 40. Qd2 Bb8 41. Nh2 Bc7 42.
g4 Bg6 43. Nf3 Bd8 44. Qe1 Bh7 45. Kh2 g5 46. fxg5 hxg5 47. h4 f4 48. h5 Be4
49. Kg1 Ne7 50. Kf2 Rg7 51. h6 Rg6 52. Be8 Rg8 53. Bh5 Nc6 54. Rh2 Rb5 55. Nd2
Bh7 56. Qa1 Bxa5 57. Rc1 Bxc3 58. Rxc3 Nxd4 59. Rh1 Nc2 0-1

[Event "Val Maubuee"]
[Site "Val Maubuee"]
[Date "1989.??.??"]
[Round "5"]
[White "Hector, Jonny"]
[Black "Kosten, Anthony C"]
[Result "0-1"]
[WhiteElo "2485"]
[BlackElo "2505"]
[PlyCount "102"]
[EventDate "1989.04.??"]
[Source "ChessBase"]

1. e4 c5 2. Nf3 Nc6 3. d4 cxd4 4. Nxd4 Nf6 5. Nc3 e6 6. Nxc6 bxc6 7. Bd3 e5 8.
O-O Be7 9. f4 d6 10. b3 O-O 11. Na4 exf4 12. Bxf4 Be6 13. c4 Ng4 14. Be2 Ne5
15. c5 Qc7 16. Qd4 Rad8 17. Rac1 Rfe8 18. Kh1 f6 19. cxd6 Bxd6 20. Qc3 Bf7 21.
Nc5 Qe7 22. Ba6 Bg6 23. Be3 Ng4 24. Bg1 Bxc5 25. Bxc5 Qc7 26. Bg1 Bxe4 27. Rfe1
f5 28. Bb5 Qd6 29. Bc4+ Kh8 30. Be2 Qg6 31. Qg3 Rd2 32. Bf3 Rxa2 33. Bxe4 fxe4
34. h3 Nf6 35. Qxg6 hxg6 36. Rxc6 Rd8 37. Be3 Rd3 38. Bg5 Nh5 39. Be3 Ng3+ 40.
Kg1 Ne2+ 41. Rxe2 Rxe2 42. Bxa7 Kh7 43. Re6 Rdd2 44. Kf1 Ra2 45. Bb6 Rxg2 46.
Rxe4 Rh2 47. Rh4+ Kg8 48. Kg1 Rhb2 49. Kh1 Rxb3 50. Bc5 Rd2 51. Ba7 Rc2 0-1

[Event "Val Maubuee"]
[Site "Val Maubuee"]
[Date "1989.??.??"]
[Round "8"]
[White "Flear, Glenn C"]
[Black "Hector, Jonny"]
[Result "0-1"]
[WhiteElo "2500"]
[BlackElo "2485"]
[PlyCount "114"]
[EventDate "1989.04.??"]
[Source "ChessBase"]

1. d4 d5 2. c4 c6 3. Nc3 Nf6 4. e3 e6 5. Qc2 Nbd7 6. Nf3 Bd6 7. Be2 O-O 8. O-O
Qe7 9. Re1 e5 10. cxd5 e4 11. dxc6 bxc6 12. Nd2 Re8 13. Nf1 Bb7 14. Bd2 Rac8
15. Ng3 g6 16. Na4 h5 17. b4 Rcd8 18. Nc5 Bc8 19. f4 Nb6 20. b5 h4 21. Nh1 g5
22. fxg5 Nh7 23. bxc6 Nxg5 24. Nf2 Bc7 25. Nb7 Rd5 26. Rf1 Bb8 27. Ng4 f5 28.
Bb4 Qc7 29. Nf6+ Kf7 30. Nd6+ Rxd6 31. Nxe8 Kxe8 32. Bh5+ Kd8 33. Bxd6 Qxd6 34.
Rf4 h3 35. g3 Nd5 36. Rh4 Qa3 37. Re1 Be6 38. Bd1 Qb4 39. Rh8+ Kc7 40. Kf2 Nf6
41. Be2 Nf3 42. Bxf3 exf3 43. Rxb8 Qxb8 44. Kxf3 Ne4 45. Qa4 Bd5 46. Qa5+ Kxc6
47. Rc1+ Kd6 48. Rc2 Ke6 49. Qa6+ Nd6+ 50. Ke2 Qb1 51. Kd2 Bb7 52. Qa4 Be4 53.
Rc7 Qd3+ 54. Kc1 Qxe3+ 55. Kb2 Qe2+ 56. Kc1 Qe1+ 57. Kb2 Qb1+ 0-1

[Event "Gausdal Int"]
[Site "Gausdal"]
[Date "1989.??.??"]
[Round "?"]
[White "Farago, Ivan"]
[Black "Hector, Jonny"]
[Result "0-1"]
[WhiteElo "2495"]
[BlackElo "2500"]
[PlyCount "50"]
[EventDate "1989.08.??"]
[Source "ChessBase"]

1. d4 d5 2. c4 e6 3. Nc3 Nf6 4. Nf3 Bb4 5. Bg5 Nbd7 6. cxd5 exd5 7. Rc1 O-O 8.
e3 c5 9. dxc5 Qa5 10. Bxf6 Nxf6 11. Nd2 b6 12. cxb6 d4 13. exd4 Re8+ 14. Be2
Ba6 15. b7 Rab8 16. O-O Bxe2 17. Nxe2 Bxd2 18. Rc5 Qb4 19. a3 Qxb7 20. Qxd2 Ne4
21. Qd3 Nxc5 22. dxc5 Qxb2 23. Ng3 Qb3 24. Qa6 Qb5 25. Qxa7 Rb7 0-1

[Event "Gausdal Int"]
[Site "Gausdal"]
[Date "1989.??.??"]
[Round "?"]
[White "Sloth, Jorn"]
[Black "Hector, Jonny"]
[Result "0-1"]
[WhiteElo "2360"]
[BlackElo "2500"]
[PlyCount "60"]
[EventDate "1989.08.??"]
[Source "ChessBase"]

1. Nf3 d5 2. b3 Bg4 3. e3 Nd7 4. Bb2 c6 5. Be2 Qb8 6. c4 e5 7. cxd5 cxd5 8. Nc3
Ngf6 9. h3 Be6 10. Ng5 Bf5 11. g4 Bg6 12. Nf3 h6 13. d4 exd4 14. Nxd4 Bc5 15.
Nf3 Qd6 16. a3 a6 17. Bd3 O-O 18. Ne2 Rae8 19. O-O Ne4 20. Kg2 f5 21. Nfd4 fxg4
22. hxg4 Ne5 23. Nf4 Bh7 24. Be2 Ng6 25. f3 Nh4+ 26. Kh3 Ng5+ 27. Kxh4 Rxf4 28.
exf4 Qxf4 29. Rf2 Be7 30. Nf5 Bxf5 0-1

[Event "EU-chT (Men)"]
[Site "Haifa"]
[Date "1989.??.??"]
[Round "5"]
[White "Manor, Ilan"]
[Black "Hector, Jonny"]
[Result "0-1"]
[WhiteElo "2445"]
[BlackElo "2500"]
[PlyCount "81"]
[EventDate "1989.11.??"]
[Source "ChessBase"]

1. d4 d5 2. c4 e6 3. Nf3 Nf6 4. g3 Bb4+ 5. Nbd2 O-O 6. Bg2 c5 7. O-O Nc6 8.
cxd5 exd5 9. dxc5 Bxc5 10. Nb3 Bb6 11. Nbd4 Re8 12. b3 Bg4 13. Bb2 Rc8 14. Nxc6
bxc6 15. Rc1 Qd6 16. Qc2 d4 17. Rfd1 c5 18. h3 Bd7 19. e3 Ne4 20. Qe2 Qh6 21.
Qf1 dxe3 22. Rxd7 exf2+ 23. Kh2 Qg6 24. Ne5 Qxg3+ 25. Kh1 Rxe5 26. Bxe5 Qxe5
27. Bxe4 Qxe4+ 28. Qg2 Qe1+ 29. Qf1 Re8 30. Rdd1 Qe3 31. Qg2 Ba5 32. Rf1 Be1
33. Rc4 g6 34. Kh2 Qd3 35. Rg4 Re3 36. Rg5 h6 37. Rg4 Kg7 38. h4 h5 39. Rg5 Qd4
40. Rg3 Qxh4+ 41. Rh3 0-1